Sports Quiz

Random Sports Quiz

Champions League Knock Out Stage Goal Scorers 2016/17 Quiz Stats

 Plays Quiz not verified by Sporcle

Challenge
Share
Tweet
Score 0/102 Timer 20:00
0 Plays Today
% Correct
Raheem Sterling
96.8%
Falcao
96.8%
Kylian Mbappe
96.8%
Sergio Aguero
96.8%
Falcao
96.8%
Sergio Aguero
96.8%
Kylian Mbappe
96.8%
John Stones
93.5%
Leroy Sane
93.5%
Fabinho
93.5%
Leroy Sane
90.3%
Tiemoue Bakayoko
90.3%
Lorenzo Insigne
83.9%
Toni Kroos
77.4%
Sergio Ramos
77.4%
Casemiro
74.2%
Dries Mertens
74.2%
Alvaro Morata
67.7%
Pierre-Emerick Aubameyang
67.7%
Pierre-Emerick Aubameyang
67.7%
Pierre-Emerick Aubameyang
67.7%
Arjen Robben
67.7%
Alexis Sanchez
67.7%
Robert Lewandowski
67.7%
Thomas Muller
67.7%
Robert Lewandowski
67.7%
Arjen Robben
67.7%
Douglas Costa
67.7%
Arturo Vidal
67.7%
Arturo Vidal
67.7%
Dani Alves
67.7%
Paulo Dybala
67.7%
Antoine Griezmann
67.7%
Angel Di Maria
67.7%
% Correct
Julian Draxler
67.7%
Angel Di Maria
67.7%
Edinson Cavani
67.7%
Luis Suarez
67.7%
Edinson Cavani
67.7%
Neymar
67.7%
Neymar
67.7%
Christian Pulisic
64.5%
Thiago
64.5%
Theo Walcott
64.5%
Saul
64.5%
Layvin Kurzawa
64.5%
Sergi Roberto
64.5%
Jamie Vardy
64.5%
Antoine Griezmann
64.5%
Jamie Vardy
64.5%
Kylian Mbappe
64.5%
Ousmane Dembele
64.5%
Kylian Mbappe
64.5%
Kylian Mbappe
64.5%
Falcao
64.5%
Marco Reus
64.5%
Arturo Vidal
64.5%
Cristiano Ronaldo
64.5%
Cristiano Ronaldo
64.5%
Robert Lewandowski
64.5%
Sergio Ramos
64.5%
Cristiano Ronaldo
64.5%
Cristiano Ronaldo
64.5%
Paulo Dybala
64.5%
Cristiano Ronaldo
64.5%
Cristiano Ronaldo
64.5%
Cristiano Ronaldo
64.5%
Antoine Griezmann
64.5%
% Correct
Gonzalo Higuain
64.5%
Gonzalo Higuain
64.5%
Mario Mandzukic
64.5%
Dani Alves
64.5%
Kylian Mbappe
64.5%
Cristiano Ronaldo
64.5%
Mario Mandzukic
64.5%
Cristiano Ronaldo
64.5%
Thiago
61.3%
Kevin Gameiro
61.3%
Fernando Torres
61.3%
Lionel Messi
61.3%
Wes Morgan
61.3%
Saul
61.3%
Marcos Asensio
61.3%
Paulo Dybala
61.3%
Giorgio Chiellini
61.3%
Saul
61.3%
Isco
61.3%
Casemiro
61.3%
Marcos Asensio
61.3%
Stefan Savic
58.1%
Marc Albrighton
54.8%
Cristiano Ronaldo
54.8%
Konstantinos Mitroglou
51.6%
Dries Mertens
48.4%
Shinji Kagawa
48.4%
Marko Pjaca
45.2%
Karim Bellarabi
45.2%
Valere Germain
45.2%
Joaquin Correa
41.9%
Sven Bender
38.7%
Pablo Sarabia
25.8%
Karmin Benezma
6.5%

You're not logged in!

Compare scores with friends on all Sporcle quizzes.
Join for Free
OR
Log In

You Might Also Like...

Show Comments

Extras

Top Quizzes Today


Score Distribution

Your Account Isn't Verified!

In order to create a playlist on Sporcle, you need to verify the email address you used during registration. Go to your Sporcle Settings to finish the process.

Report this User

Report this user for behavior that violates our Community Guidelines.

Details: